[Event "Cracovia 2008 op A"]
[Site "Krakow"]
[Date "2008.12.29"]
[Round "4.4"]
[White "Shishkin, Vadim"]
[Black "Paterek, Michal"]
[Result "0-1"]
[WhiteElo "2502"]
[BlackElo "2235"]
[PlyCount "71"]
[EventDate "2008.??.??"]

1. d4 d5 2. c4 c6 3. Nf3 Nf6 4. Nc3 e6 5. Bg5 dxc4 6. e4 b5 7. e5 h6 8. Bh4 g5
9. Nxg5 hxg5 10. Bxg5 Nbd7 11. exf6 Bb7 12. g3 Qa5 13. Bg2 O-O-O 14. O-O Ne5
15. Ne4 Nd3 16. b3 Ba3 17. bxc4 Nb2 18. Qc2 Nxc4 19. Nd2 Nxd2 20. Bxd2 Qa6 21.
d5 exd5 22. Bf4 Bd6 23. Rfe1 Kb8 24. Bxd6+ Rxd6 25. Re7 Rxf6 26. Qe2 Qa3 27.
Re8+ Rxe8 28. Qxe8+ Kc7 29. Re1 Qd6 30. a4 Kb6 31. Qe3+ d4 32. Qd3 Ba6 33. Bf1
Qc5 34. Rb1 Rd6 35. Qb3 Qd5 36. Bc4 0-1

[Event "Cracovia 2008 op A"]
[Site "Krakow"]
[Date "2008.12.29"]
[Round "4.5"]
[White "Samojlov, Anton"]
[Black "Malaniuk, Vladimir P"]
[Result "0-1"]
[WhiteElo "2331"]
[BlackElo "2534"]
[PlyCount "108"]
[EventDate "2008.??.??"]

1. d4 f5 2. Nc3 Nf6 3. Bg5 d5 4. Bxf6 exf6 5. e3 Be6 6. Qf3 Nc6 7. Bb5 Qd6 8.
Nge2 O-O-O 9. Nf4 Bf7 10. Nd3 g6 11. O-O Kb8 12. Nc5 h5 13. a3 Ne7 14. Bd3 g5
15. b4 Bh6 16. Nb5 Qc6 17. a4 Qe8 18. a5 h4 19. Qe2 Bh5 20. Qd2 h3 21. g3 f4
22. Ne6 Rc8 23. Qc3 Bg4 24. Qc5 Nc6 25. Nexc7 Qd8 26. a6 Rxc7 27. Nxc7 Bf8 28.
Qxd5 Qxc7 29. c3 Ne7 30. Qxb7+ Qxb7 31. axb7 Kxb7 32. Ra6 Bg7 33. Rfa1 Nc8 34.
Be4+ Kc7 35. Rxa7+ Nxa7 36. Rxa7+ Kd6 37. Rxg7 fxe3 38. f3 Be6 39. Ra7 f5 40.
Ra6+ Ke7 41. d5 Bd7 42. Bd3 f4 43. g4 Rb8 44. Kf1 Bb5 45. Re6+ Kd8 46. Ke2
Bxd3+ 47. Kxd3 Ra8 48. b5 Ra2 49. b6 Rxh2 50. Rh6 Rd2+ 51. Kc4 e2 52. Rh8+ Kd7
53. Rh7+ Kc8 54. Re7 h2 0-1

[Event "Cracovia 2008 op A"]
[Site "Krakow"]
[Date "2008.12.29"]
[Round "4.6"]
[White "Wcislo, Damian"]
[Black "Hnydiuk, Aleksander"]
[Result "0-1"]
[WhiteElo "2219"]
[BlackElo "2403"]
[PlyCount "54"]
[EventDate "2008.??.??"]

1. d4 d5 2. c4 c6 3. Nc3 Nf6 4. Nf3 dxc4 5. a4 Bf5 6. Ne5 Nbd7 7. Nxc4 Nd5 8.
f3 e5 9. Nxe5 Nxe5 10. dxe5 Nb4 11. e4 Qxd1+ 12. Kxd1 Be6 13. Be3 Bb3+ 14. Ke2
Nc2 15. Rb1 Nxe3 16. Kxe3 Bc5+ 17. Kf4 O-O-O 18. Be2 Rd2 19. Rhc1 g5+ 20. Kg3
Be3 21. a5 a6 22. Re1 h5 23. h3 Rhd8 24. Kh2 Bf4+ 25. Kh1 Bxe5 26. Bd1 Bxd1 27.
Nxd1 g4 0-1

[Event "Cracovia 2008 op A"]
[Site "Krakow"]
[Date "2008.12.29"]
[Round "4.7"]
[White "Brodowski, Piotr"]
[Black "Miroslaw, Michal"]
[Result "1-0"]
[WhiteElo "2401"]
[BlackElo "2323"]
[PlyCount "71"]
[EventDate "2008.??.??"]

1. c4 e5 2. Nc3 Nc6 3. g3 Nf6 4. Bg2 d6 5. d3 Be6 6. Nf3 h6 7. O-O Qd7 8. Re1
d5 9. cxd5 Nxd5 10. Bd2 Be7 11. a3 O-O 12. Rc1 Nxc3 13. Bxc3 f6 14. Qc2 a5 15.
d4 exd4 16. Red1 Bc5 17. e3 Qf7 18. exd4 Bb3 19. Qf5 Bd6 20. Re1 Ne7 21. Qb5
Qd5 22. Qd3 Qf7 23. Nd2 Bd5 24. Ne4 Rfd8 25. Re3 f5 26. Nxd6 Rxd6 27. Rce1 Nc6
28. Bh3 Be4 29. Rxe4 fxe4 30. Qxe4 Nd8 31. d5 Qxd5 32. Qe8+ Kh7 33. Re7 Qd1+
34. Bf1 Rg6 35. Rd7 Nc6 36. Qxg6+ 1-0

[Event "Cracovia 2008 op A"]
[Site "Krakow"]
[Date "2008.12.29"]
[Round "4.8"]
[White "Stoma, Pawel"]
[Black "Panocki, Adrian"]
[Result "1/2-1/2"]
[WhiteElo "2268"]
[BlackElo "2381"]
[PlyCount "83"]
[EventDate "2008.??.??"]

1. e4 d6 2. d4 Nf6 3. Nc3 g6 4. f3 c6 5. Be3 b5 6. Qd2 Nbd7 7. O-O-O Nb6 8. h4
h5 9. Nh3 Bg7 10. Ng5 Nc4 11. Bxc4 bxc4 12. Qe2 d5 13. Bf4 a6 14. Rhe1 Ra7 15.
Qd2 O-O 16. Be5 Qa5 17. Kb1 Rb7 18. Ka1 Rd8 19. Qf4 Rxb2 20. Kxb2 Qb4+ 21. Kc1
Qxc3 22. Qe3 Qa5 23. Kb2 dxe4 24. Qa3 Qxa3+ 25. Kxa3 exf3 26. gxf3 Bf5 27. Ne4
Nxe4 28. fxe4 Bg4 29. Rb1 Bf8 30. c3 f6 31. Rb8 Rd7 32. Ka4 Kf7 33. Bf4 Bg7 34.
Ka5 g5 35. hxg5 fxg5 36. Bxg5 c5 37. Kxa6 cxd4 38. cxd4 Rxd4 39. Rf1+ Kg6 40.
Bxe7 Rxe4 41. Rb6+ Kh7 42. Bf6 1/2-1/2

[Event "Cracovia 2008 op A"]
[Site "Krakow"]
[Date "2008.12.29"]
[Round "4.9"]
[White "Nurkiewicz, Maciej"]
[Black "Kulon, Klaudia"]
[Result "1-0"]
[WhiteElo "2380"]
[BlackElo "2228"]
[PlyCount "83"]
[EventDate "2008.??.??"]

1. e4 c5 2. Nf3 d6 3. d4 cxd4 4. Nxd4 Nf6 5. Nc3 e6 6. Be3 Be7 7. f3 Nc6 8. Qd2
Bd7 9. Ndb5 Nb4 10. O-O-O Bxb5 11. Bxb5+ Nc6 12. Bf4 e5 13. Be3 a6 14. Be2 b5
15. Kb1 h5 16. g4 hxg4 17. fxg4 b4 18. Nd5 Nxe4 19. Qd3 Nc5 20. Bxc5 dxc5 21.
Qe4 Qb8 22. Nf6+ gxf6 23. Qxc6+ Kf8 24. Rd7 Ra7 25. Rhd1 Rxd7 26. Qxd7 Rxh2 27.
Bc4 Qa8 28. Bd5 Qd8 29. Qb7 a5 30. Kc1 f5 31. gxf5 Bg5+ 32. Kb1 Qf6 33. Qc8+
Kg7 34. Rg1 Qe7 35. Qb8 Rh8 36. Qb5 Rd8 37. Qc4 f6 38. Be6 Qd6 39. Qe2 Rh8 40.
Qf3 Qc7 41. Rxg5+ fxg5 42. f6+ 1-0

[Event "Cracovia 2008 op A"]
[Site "Krakow"]
[Date "2008.12.29"]
[Round "4.10"]
[White "Aliavdin, Nikolai"]
[Black "Smola, Michal"]
[Result "1-0"]
[WhiteElo "2343"]
[BlackElo "2204"]
[PlyCount "67"]
[EventDate "2008.??.??"]

1. e4 c5 2. Nf3 d6 3. d4 cxd4 4. Nxd4 Nf6 5. Nc3 Nc6 6. Bg5 e6 7. Qd2 a6 8.
O-O-O Bd7 9. f3 h6 10. Be3 b5 11. Kb1 b4 12. Nxc6 Bxc6 13. Ne2 d5 14. Nd4 Bb7
15. e5 Nd7 16. f4 Qa5 17. Bd3 Nc5 18. Qf2 Nxd3 19. cxd3 Bc5 20. Nb3 Bxe3 21.
Qxe3 Qb5 22. d4 h5 23. Nc5 O-O-O 24. Qd3 Qxd3+ 25. Nxd3 a5 26. Rc1+ Kb8 27. Rc5
Ba6 28. Nc1 Rc8 29. Rxa5 Kb7 30. Ra4 Rc4 31. Nd3 Rxd4 32. Nc5+ Kb6 33. Nxa6 Kb5
34. b3 1-0

[Event "Cracovia 2008 op A"]
[Site "Krakow"]
[Date "2008.12.29"]
[Round "4.11"]
[White "Ashton, Adam G"]
[Black "Orzech, Dominik"]
[Result "1-0"]
[WhiteElo "2325"]
[BlackElo "2462"]
[PlyCount "71"]
[EventDate "2008.??.??"]

1. e4 c6 2. d4 d5 3. exd5 cxd5 4. c4 Nf6 5. Nc3 g6 6. Qb3 Bg7 7. cxd5 O-O 8.
Be2 Nbd7 9. Bf3 Nb6 10. a4 e6 11. dxe6 Bxe6 12. Qd1 Nfd5 13. Nge2 Rc8 14. O-O
Nc4 15. Ne4 b6 16. b3 Nd6 17. Nxd6 Qxd6 18. Ba3 Nb4 19. d5 Bxa1 20. Qxa1 Bf5
21. Ng3 Bc2 22. Qd4 a5 23. Bb2 f6 24. h4 Qe5 25. Qxe5 fxe5 26. Bxe5 Bxb3 27. d6
Nc6 28. Bb2 Rxf3 29. gxf3 Bxa4 30. Ne4 Kf7 31. Re1 Rd8 32. Ng5+ Kg8 33. d7 Nb8
34. Re7 Bxd7 35. Rxh7 Kf8 36. Bf6 1-0

[Event "Cracovia 2008 op A"]
[Site "Krakow"]
[Date "2008.12.29"]
[Round "4.12"]
[White "Lubczynski, Rafal"]
[Black "Brokken, Dennis"]
[Result "1/2-1/2"]
[WhiteElo "2423"]
[BlackElo "2306"]
[PlyCount "33"]
[EventDate "2008.??.??"]

1. Nf3 d5 2. c4 c6 3. e3 Nf6 4. Qc2 Bg4 5. b3 e6 6. Bb2 Nbd7 7. Be2 Bd6 8. d3
Qe7 9. a3 e5 10. h3 Bxf3 11. Bxf3 e4 12. Be2 dxc4 13. Qxc4 Ne5 14. Qc2 exd3 15.
Bxd3 Nxd3+ 16. Qxd3 Be5 17. Qc2 1/2-1/2

[Event "Cracovia 2008 op A"]
[Site "Krakow"]
[Date "2008.12.29"]
[Round "4.13"]
[White "D`Costa, Lorin A R"]
[Black "Krzyzanowski, Marcin"]
[Result "0-1"]
[WhiteElo "2411"]
[BlackElo "2280"]
[PlyCount "90"]
[EventDate "2008.??.??"]

1. d4 d5 2. c4 dxc4 3. Nf3 Nf6 4. e3 e6 5. Bxc4 c5 6. O-O a6 7. Bb3 Nbd7 8. Re1
cxd4 9. exd4 Be7 10. Nc3 O-O 11. Qe2 Nb6 12. Bg5 Nbd5 13. Ne5 Nxc3 14. bxc3 Qc7
15. Qf3 Bd7 16. Rad1 Bc6 17. Qh3 Rac8 18. Rd3 Nd5 19. Bd2 Bd6 20. Rg3 Ne7 21.
Bc2 Ng6 22. Qh5 Bxe5 23. dxe5 Rfd8 24. Bc1 Rd5 25. Rge3 Ra5 26. a3 Bxg2 27. Qg4
Bc6 28. Qg3 Rd8 29. h4 Ne7 30. h5 Rc5 31. Qg4 Nf5 32. Bxf5 exf5 33. Qxf5 Bd7
34. Qe4 f6 35. Qh4 Rc4 36. f4 fxe5 37. Rxe5 Rxc3 38. Be3 Re8 39. Qg5 Rxe5 40.
fxe5 Rc4 41. Kf2 h6 42. Qg6 Qxe5 43. Bxh6 Rc2+ 44. Kf3 Bc6+ 45. Qxc6 Qxh5+ 0-1

[Event "Cracovia 2008 op A"]
[Site "Krakow"]
[Date "2008.12.29"]
[Round "4.14"]
[White "Zude, Erik"]
[Black "Kocwin, Bartosz"]
[Result "0-1"]
[WhiteElo "2396"]
[BlackElo "2260"]
[PlyCount "120"]
[EventDate "2008.??.??"]

1. d4 Nf6 2. c4 g6 3. Nc3 Bg7 4. e4 d6 5. Nf3 O-O 6. h3 e5 7. d5 Na6 8. Bg5 Qe8
9. Be2 Nh5 10. O-O h6 11. Be3 Nf4 12. Bxf4 exf4 13. Re1 Bd7 14. Rc1 Nc5 15. Bf1
a5 16. b3 Qe7 17. Nb5 Rfc8 18. a3 Bxb5 19. cxb5 Bb2 20. Rc4 Bxa3 21. e5 Bb4 22.
Re2 dxe5 23. Nxe5 Qg5 24. Nf3 Qf6 25. Qc2 b6 26. Ne5 h5 27. Nc6 Re8 28. Qd1 Bc3
29. Rc2 Be5 30. Qf3 Bd6 31. Rc1 a4 32. bxa4 Rxa4 33. Rxa4 Nxa4 34. Qd1 Nc5 35.
Be2 Ra8 36. Bf3 Kf8 37. Qc2 Ra1 38. Kh2 Ra3 39. Qe2 Ra1 40. Qd1 Ra2 41. Rc2
Rxc2 42. Qxc2 Qa1 43. Nb4 Qf1 44. Qb2 Kg8 45. Qf6 Qxf2 46. Nc6 Qg3+ 47. Kh1
Qe1+ 48. Kh2 Nd7 49. Qd8+ Nf8 50. Nd4 Bc5 51. Ne2 Bd6 52. Qf6 Qb4 53. Qa1 Qxb5
54. Nc3 Qa5 55. Qc1 Qc5 56. Qd2 Qe3 57. Qc2 Bc5 58. Ne2 Nd7 59. Qa4 Nf6 60. Qc6
Bd6 0-1

[Event "Cracovia 2008 op A"]
[Site "Krakow"]
[Date "2008.12.29"]
[Round "4.15"]
[White "Szwed, Jacek"]
[Black "Bobula, Mateusz"]
[Result "1/2-1/2"]
[WhiteElo "2258"]
[BlackElo "2395"]
[PlyCount "57"]
[EventDate "2008.??.??"]

1. e4 e6 2. d4 d5 3. exd5 exd5 4. Bd3 Nc6 5. c3 Bd6 6. Qf3 Nge7 7. Ne2 Be6 8.
Bf4 Ng6 9. Bxd6 Qxd6 10. h4 Nge7 11. Nf4 O-O-O 12. Nd2 Ng6 13. Nxe6 fxe6 14.
Bxg6 hxg6 15. Qg4 Kb8 16. Qxg6 Qe7 17. Qg3 e5 18. dxe5 Nxe5 19. O-O-O Qf6 20.
Nb3 Nc4 21. Nd2 Nd6 22. h5 d4 23. cxd4 Qxd4 24. Nb3 Qf6 25. Qh4 Qf5 26. f3 Rde8
27. Qd4 Qg5+ 28. Nd2 Nf5 29. Qg4 1/2-1/2

[Event "Cracovia 2008 op A"]
[Site "Krakow"]
[Date "2008.12.29"]
[Round "4.16"]
[White "Bulski, Krzysztof"]
[Black "Ponizil, Cyril"]
[Result "1/2-1/2"]
[WhiteElo "2392"]
[BlackElo "2251"]
[PlyCount "37"]
[EventDate "2008.??.??"]

1. e4 c5 2. Nf3 d6 3. d4 cxd4 4. Nxd4 Nf6 5. Nc3 Nc6 6. Bg5 Bd7 7. Qd2 Rc8 8.
O-O-O Nxd4 9. Qxd4 Qa5 10. Bxf6 gxf6 11. Kb1 Rg8 12. f4 f5 13. e5 e6 14. Qd2
Kd8 15. exd6 Rc6 16. Nb5 Qxd2 17. Rxd2 a6 18. Nd4 Rxd6 19. c3 1/2-1/2

[Event "Cracovia 2008 op A"]
[Site "Krakow"]
[Date "2008.12.29"]
[Round "4.17"]
[White "Klim, Kamil"]
[Black "Czerwonski, Aleksander"]
[Result "0-1"]
[WhiteElo "2249"]
[BlackElo "2391"]
[PlyCount "112"]
[EventDate "2008.??.??"]

1. Nf3 d5 2. c4 e6 3. d4 Nf6 4. Nc3 c6 5. e3 Nbd7 6. Qc2 Bd6 7. Be2 O-O 8. O-O
Qe7 9. e4 dxe4 10. Nxe4 Nxe4 11. Qxe4 e5 12. c5 exd4 13. Qxd4 Bxc5 14. Qc4 Ne5
15. Nxe5 Qxe5 16. Bf4 Qd4 17. Be3 Qxc4 18. Bxc4 Bxe3 19. fxe3 Be6 20. Bxe6 fxe6
21. Rad1 Rfd8 22. Kf2 Rd5 23. e4 Rf8+ 24. Ke3 Rxf1 25. Rxf1 Rd7 26. Rf2 Rf7 27.
Rc2 e5 28. b4 Rd7 29. Rc5 Re7 30. b5 cxb5 31. Rxb5 Kf7 32. a4 Ke6 33. Kf3 Kd6
34. Rd5+ Kc6 35. Kg4 a6 36. a5 b5 37. axb6 Kxb6 38. Kf5 a5 39. h4 a4 40. h5 a3
41. Rd3 Ra7 42. Rd1 a2 43. Ra1 Kc7 44. h6 gxh6 45. Kxe5 Ra6 46. Kd4 Kd6 47. Kc3
Ke5 48. Kb2 h5 49. Kc3 h4 50. Kd3 Ra7 51. Ke3 Ra3+ 52. Kd2 Kxe4 53. Ke2 Kf4 54.
Kf2 Kg4 55. Kf1 Kg3 56. Kg1 Rb3 0-1

[Event "Cracovia 2008 op A"]
[Site "Krakow"]
[Date "2008.12.29"]
[Round "4.18"]
[White "Cechura, Petr"]
[Black "Leniart, Arkadiusz"]
[Result "1/2-1/2"]
[WhiteElo "2249"]
[BlackElo "2368"]
[PlyCount "110"]
[EventDate "2008.??.??"]

1. e4 e6 2. d3 d5 3. Nd2 c5 4. Ngf3 Nc6 5. g3 Bd6 6. Bg2 Nge7 7. O-O O-O 8. Re1
Qc7 9. c3 d4 10. Nc4 e5 11. Nh4 b5 12. Nxd6 Qxd6 13. f4 dxc3 14. bxc3 Rd8 15.
Bf1 b4 16. cxb4 cxb4 17. fxe5 Nxe5 18. d4 Bg4 19. Qb3 Qxd4+ 20. Be3 Qc3 21.
Rec1 Qxb3 22. axb3 N7c6 23. Rc5 f6 24. Ra6 Nd4 25. Rc7 Nxb3 26. Nf5 Nd2 27.
Rxg7+ Kh8 28. Raxa7 Rxa7 29. Rxa7 Nef3+ 30. Kg2 Ne1+ 31. Kg1 Nef3+ 32. Kg2 Nxf1
33. Kxf1 Nxh2+ 34. Kg2 Bxf5 35. exf5 Ng4 36. Bf4 h5 37. Rb7 Rd4 38. Kh3 Rd1 39.
Rxb4 Rg1 40. Rb8+ Kg7 41. Rb7+ Kg8 42. Rb8+ Kf7 43. Rb7+ Ke8 44. Ra7 Rb1 45.
Kg2 Rb5 46. Rh7 Rxf5 47. Kh3 Ne5 48. Bxe5 fxe5 49. g4 Rf3+ 50. Kh4 e4 51. Rxh5
Kf7 52. Rf5+ Rxf5 53. gxf5 Kf6 54. Kg4 Ke5 55. f6 Kxf6 1/2-1/2

[Event "Cracovia 2008 op A"]
[Site "Krakow"]
[Date "2008.12.29"]
[Round "4.19"]
[White "Brzeski, Maciej"]
[Black "Zysko, Jan"]
[Result "0-1"]
[WhiteElo "2366"]
[BlackElo "2185"]
[PlyCount "74"]
[EventDate "2008.??.??"]

1. e4 c5 2. Nf3 e6 3. d4 cxd4 4. Nxd4 Nc6 5. Nc3 d6 6. g4 Nge7 7. Be3 a6 8. Qe2
Nxd4 9. Bxd4 Nc6 10. Be3 Be7 11. O-O-O O-O 12. h4 b5 13. Kb1 Qa5 14. Qd2 Qc7
15. g5 Bb7 16. h5 Ne5 17. h6 g6 18. Qd4 f6 19. Bh3 Bc8 20. f4 Nc6 21. Qd2 fxg5
22. f5 b4 23. Na4 Rb8 24. fxg6 hxg6 25. Bxg5 Bxg5 26. Qxg5 Ne5 27. h7+ Kh8 28.
Rdf1 Bb7 29. Qh4 Bc6 30. Rf6 Bxa4 31. Rhf1 Bxc2+ 32. Ka1 Qg7 33. Bxe6 g5 34.
Qf2 Qxf6 35. Qxf6+ Rxf6 36. Rxf6 Bxe4 37. a3 bxa3 0-1

[Event "Cracovia 2008 op A"]
[Site "Krakow"]
[Date "2008.12.29"]
[Round "4.20"]
[White "Motyka, Michal"]
[Black "Barski, Radoslaw"]
[Result "1-0"]
[WhiteElo "2359"]
[BlackElo "2143"]
[PlyCount "119"]
[EventDate "2008.??.??"]

1. e4 c5 2. Nc3 Nc6 3. g3 g6 4. Bg2 Bg7 5. d3 e6 6. f4 Nge7 7. Be3 d6 8. Nge2
Nd4 9. O-O O-O 10. Qd2 Rb8 11. Rae1 b5 12. e5 Nef5 13. Bf2 dxe5 14. fxe5 Bxe5
15. Nc1 Bg7 16. Ne4 e5 17. Nxc5 Qc7 18. N1b3 Rd8 19. g4 Nxb3 20. Nxb3 Ne7 21.
Bh4 Be6 22. Qf2 Rdc8 23. Bf6 Bxf6 24. Qxf6 Rb6 25. Rxe5 Bxb3 26. Qxe7 Be6 27.
Qxc7 Rxc7 28. c3 Bxa2 29. g5 Be6 30. Rf6 Rb8 31. h3 b4 32. c4 Rd8 33. Bf1 Bf5
34. c5 Bxd3 35. Rd6 Rxd6 36. cxd6 Rd7 37. Bxd3 Rxd6 38. Bc4 Rd7 39. Kf2 Kg7 40.
Re8 h6 41. gxh6+ Kxh6 42. Kg3 f5 43. b3 Rd1 44. Re6 Rg1+ 45. Kf4 Rh1 46. Re8
Rc1 47. Re7 Rh1 48. Kg3 Kg5 49. Rxa7 f4+ 50. Kg2 Rc1 51. Rd7 Rc3 52. Rd3 Rc1
53. Rd6 Rc3 54. Rd3 Rc1 55. Rd5+ Kh4 56. Kf3 g5 57. Rd7 Rc3+ 58. Bd3 g4+ 59.
hxg4 Rxb3 60. Rd5 1-0

[Event "Cracovia 2008 op A"]
[Site "Krakow"]
[Date "2008.12.29"]
[Round "4.21"]
[White "Rudnicki, Milosz"]
[Black "Gumula, Daniel"]
[Result "1/2-1/2"]
[WhiteElo "2232"]
[BlackElo "2351"]
[PlyCount "82"]
[EventDate "2008.??.??"]

1. e4 c5 2. Nf3 d6 3. d4 cxd4 4. Nxd4 Nf6 5. Nc3 a6 6. Be3 e6 7. g4 e5 8. Nf5
h5 9. g5 Nxe4 10. Nxg7+ Bxg7 11. Nxe4 d5 12. Nf6+ Bxf6 13. gxf6 Be6 14. Bg5 Qb6
15. Bg2 Nc6 16. h4 O-O-O 17. b3 e4 18. Qd2 Bg4 19. O-O Rhe8 20. Rfe1 Ne5 21.
Qc3+ Kb8 22. Bf4 Qxf6 23. Bg5 Nf3+ 24. Qxf3 Qxg5 25. Qxe4 dxe4 26. hxg5 Bf5 27.
Rad1 Rxd1 28. Rxd1 Rg8 29. Kh2 Rxg5 30. Rd5 f6 31. Rd8+ Kc7 32. Rf8 Rg6 33.
Rf7+ Kb6 34. c4 Be6 35. Rxb7+ Kxb7 36. Bxe4+ Kb6 37. Bxg6 h4 38. f4 Kc5 39. f5
Bd7 40. Kh3 Kb4 41. Kxh4 Ka3 1/2-1/2

[Event "Cracovia 2008 op A"]
[Site "Krakow"]
[Date "2008.12.29"]
[Round "4.22"]
[White "Tyukhanov, Alexey"]
[Black "Rutkowski, Maciej"]
[Result "1/2-1/2"]
[WhiteElo "2227"]
[BlackElo "2336"]
[PlyCount "164"]
[EventDate "2008.??.??"]

1. e4 c5 2. Nf3 Nc6 3. Nc3 g6 4. Bb5 Bg7 5. O-O d6 6. e5 Bd7 7. exd6 exd6 8.
Nd5 Nce7 9. Qe2 Nf6 10. Nxe7 Qxe7 11. Bxd7+ Nxd7 12. Qb5 O-O-O 13. Rb1 Nb6 14.
b4 c4 15. d3 Qd7 16. dxc4 Qxb5 17. cxb5 d5 18. Bb2 Bxb2 19. Rxb2 Rhe8 20. Rd1
Rd7 21. c3 Rc7 22. Rc2 Kb8 23. h4 Rec8 24. Rd3 Rc4 25. a3 f6 26. Nd2 Rxh4 27.
g3 Rg4 28. Nb3 Na4 29. Na5 Nb6 30. Nb3 Na4 31. Rxd5 Rxc3 32. Rxc3 Nxc3 33. Rd7
b6 34. Rxh7 Nxb5 35. Kg2 Rc4 36. Rh6 Nxa3 37. Rxg6 Rxb4 38. Nc1 f5 39. Rf6 Rb5
40. Ne2 Nc2 41. Nc3 Rc5 42. Na4 Rc4 43. Nxb6 axb6 44. Rxb6+ Kc7 45. Rf6 Nd4 46.
g4 fxg4 47. Rf4 Kd6 48. Rxg4 Ke5 49. Rg8 Nf5 50. Kf3 Rc3+ 51. Ke2 Kf4 52. Rf8
Rc2+ 53. Kd3 Rxf2 54. Re8 Rf3+ 55. Kd2 Rh3 56. Re6 Nd4 57. Re8 Nc6 58. Re6 Ne5
59. Ra6 Nc4+ 60. Kc2 Ke4 61. Ra8 Nb6 62. Ra6 Nd5 63. Ra4+ Ke5 64. Ra8 Kd4 65.
Ra4+ Kc5 66. Ra8 Kc4 67. Rc8+ Kd4 68. Rd8 Rg3 69. Kb2 Rh3 70. Kc2 Rh2+ 71. Kb3
Rf2 72. Rh8 Rf3+ 73. Kb2 Re3 74. Rd8 Rf3 75. Rh8 Nb6 76. Rh4+ Kc5 77. Rh5+ Kb4
78. Rh4+ Nc4+ 79. Kc2 Rc3+ 80. Kd1 Re3 81. Kc2 Re2+ 82. Kd3 Re3+ 1/2-1/2

[Event "Cracovia 2008 op A"]
[Site "Krakow"]
[Date "2008.12.29"]
[Round "4.23"]
[White "Obrusnik, Michal"]
[Black "Nguyen, Piotr"]
[Result "0-1"]
[WhiteElo "2181"]
[BlackElo "2327"]
[PlyCount "52"]
[EventDate "2008.??.??"]

1. e4 c5 2. Nf3 g6 3. d4 cxd4 4. Nxd4 Bg7 5. c4 Nc6 6. Nc2 d6 7. Be2 Nf6 8. Nc3
O-O 9. O-O a6 10. Be3 Be6 11. f3 Qa5 12. Nd5 Nd7 13. b4 Qa4 14. Rb1 Rfc8 15.
Rb3 Qxa2 16. Ra3 Qb2 17. Bc1 Qb1 18. Nce3 Bxd5 19. Nxd5 Bb2 20. Bxb2 Qxb2 21.
Rc3 e6 22. Rc2 Qb3 23. Qd2 exd5 24. Rb2 Qa3 25. Rfb1 dxc4 26. Bxc4 Nce5 0-1

[Event "Cracovia 2008 op A"]
[Site "Krakow"]
[Date "2008.12.29"]
[Round "4.24"]
[White "Duda, Jan-Krzysztof"]
[Black "Rudolf, Michal"]
[Result "0-1"]
[WhiteElo "2013"]
[BlackElo "2398"]
[PlyCount "168"]
[EventDate "2008.??.??"]

1. e4 b6 2. d4 Bb7 3. Bd3 Nf6 4. Qe2 e6 5. f4 c5 6. c3 cxd4 7. cxd4 Nc6 8. Nf3
Nb4 9. Nc3 Nxd3+ 10. Qxd3 Bb4 11. Nd2 Qc8 12. Kf2 Qc7 13. Rf1 Qxf4+ 14. Kg1 Qg4
15. d5 O-O 16. Rf3 Bxc3 17. Qxc3 exd5 18. Rg3 d4 19. Qa3 Qe6 20. Qd3 Bxe4 21.
Qxd4 Bg6 22. Nf1 Rac8 23. Qd1 Ne4 24. Ra3 Qf6 25. Qf3 Qd4+ 26. Qe3 Qd1 27. Qf3
Qd4+ 28. Qe3 Qxe3+ 29. Nxe3 Rc7 30. Nd5 Rb7 31. Be3 Re8 32. Rc1 Nc5 33. b4 Ne6
34. h3 Be4 35. Nc3 Nc7 36. Nxe4 Rxe4 37. Bxb6 Ne8 38. Bxa7 Rbxb4 39. Rc2 f6 40.
Kh2 Kf7 41. Rd3 d6 42. Bf2 Ke7 43. Be3 Kd7 44. Rcd2 Kc6 45. Bf2 Rb5 46. Rc3+
Kd7 47. Rcd3 f5 48. Bd4 Ra5 49. a3 g6 50. Bb6 Rb5 51. Bd4 Ra5 52. Bb6 Ra6 53.
Bc5 Re6 54. Bb4 Nf6 55. Rd1 Ne4 56. Kg1 Re8 57. Rf3 Rc8 58. Re1 Rc2 59. Rd3 Ra2
60. Rdd1 Rc6 61. Ra1 Rcc2 62. Rxa2 Rxa2 63. Rc1 d5 64. Rd1 Ke6 65. Rd3 Ke5 66.
Rd1 d4 67. Bf8 Kd5 68. Bg7 Nd2 69. Kh2 Nb3 70. Rd3 Kc4 71. Rxb3 Kxb3 72. Bxd4
Kc4 73. Bf6 Rxa3 74. h4 h5 75. Be7 Rb3 76. Bg5 Kd4 77. g3 Ke4 78. Bf4 Kf3 79.
Kh3 Rb1 80. Kh2 Kg4 81. Be5 Rc1 82. Kg2 Rc2+ 83. Kf1 Kh3 84. Bf4 Rg2 0-1

[Event "Cracovia 2008 op A"]
[Site "Krakow"]
[Date "2008.12.29"]
[Round "4.25"]
[White "Kanarek, Marcel"]
[Black "Szromba, Krzysztof"]
[Result "1-0"]
[WhiteElo "2458"]
[BlackElo "2158"]
[PlyCount "123"]
[EventDate "2008.??.??"]

1. e4 c5 2. Nf3 Nc6 3. Nc3 Nf6 4. Bb5 Nd4 5. e5 Nxb5 6. Nxb5 Nd5 7. Ng5 f5 8.
O-O a6 9. Nc3 Nxc3 10. dxc3 e6 11. Qe2 Be7 12. Rd1 Bxg5 13. Qh5+ g6 14. Qxg5
Qxg5 15. Bxg5 b5 16. Rd6 Bb7 17. a4 Bc6 18. axb5 Bxb5 19. b3 c4 20. Rad1 h6 21.
Bf6 O-O 22. Ra1 Rfc8 23. b4 Kf7 24. f3 Rg8 25. h4 Rab8 26. Kf2 Rgc8 27. Ke3 Rb7
28. g4 Rg8 29. Rg1 Rbb8 30. Rgd1 Rb7 31. R1d2 Ke8 32. Rg2 Kf7 33. gxf5 exf5 34.
Kf4 Rbb8 35. Rg1 Rbe8 36. Rgd1 Re6 37. Rxd7+ Bxd7 38. Rxd7+ Ke8 39. Rd8+ Kf7
40. Rd7+ Ke8 41. Rh7 a5 42. bxa5 Ra6 43. Re7+ Kf8 44. Rc7 Ke8 45. Rb7 Kf8 46.
Rd7 Ke8 47. Rc7 Kf8 48. Rb7 Ke8 49. Bg7 Re6 50. Bxh6 Re7 51. Rb6 Kd7 52. Rd6+
Kc7 53. Bg5 Rd7 54. Ra6 Rd2 55. e6 Re2 56. Bf6 Rxc2 57. Be5+ Kb7 58. Rb6+ Ka7
59. e7 Re8 60. Re6 Rg2 61. a6 Ra2 62. Bd4+ 1-0

[Event "Cracovia 2008 op A"]
[Site "Krakow"]
[Date "2008.12.29"]
[Round "4.26"]
[White "Marszalek, Maciej"]
[Black "Kopczyk, Daniel"]
[Result "1-0"]
[WhiteElo "2383"]
[BlackElo "2153"]
[PlyCount "73"]
[EventDate "2008.??.??"]

1. d4 Nf6 2. c4 g6 3. Nc3 Bg7 4. Nf3 O-O 5. g3 d5 6. cxd5 Nxd5 7. Bg2 Nc6 8.
O-O Nb6 9. d5 Nb4 10. e4 e6 11. a3 Na6 12. Bg5 f6 13. Bf4 e5 14. Be3 Nc4 15.
Qe2 Nd6 16. Rac1 Bd7 17. Rfd1 f5 18. b4 h6 19. exf5 gxf5 20. Bc5 Qf6 21. Re1 e4
22. Nd2 Nxc5 23. bxc5 Nf7 24. Nc4 Qd4 25. g4 Rae8 26. gxf5 Ng5 27. Ne3 Nf3+ 28.
Bxf3 exf3 29. Qxf3 Qxc5 30. Ne4 Qa5 31. f6 Rxe4 32. Qxe4 Rxf6 33. Kh1 c6 34.
Rg1 Rf7 35. f3 Qxa3 36. Nc4 cxd5 37. Rxg7+ 1-0

[Event "Cracovia 2008 op A"]
[Site "Krakow"]
[Date "2008.12.29"]
[Round "4.27"]
[White "Machlowski, Slawomir"]
[Black "Tokarski, Lukasz"]
[Result "0-1"]
[WhiteElo "2154"]
[BlackElo "2302"]
[PlyCount "90"]
[EventDate "2008.??.??"]

1. g3 g6 2. Bg2 Bg7 3. c4 d6 4. Nc3 Nf6 5. Nf3 O-O 6. O-O Nc6 7. Rb1 a5 8. d3
e5 9. a3 Re8 10. Ne1 Be6 11. Nc2 Qd7 12. Re1 Rab8 13. Ne3 Nd4 14. Bd2 c6 15.
Qa4 b5 16. Qd1 d5 17. b3 Red8 18. c5 Qe7 19. Rc1 Rbc8 20. Nb1 Qa7 21. Nf1 a4
22. b4 Nb3 23. Rc2 e4 24. Bc3 d4 25. Bb2 Bf5 26. h3 h5 27. g4 hxg4 28. hxg4
Bxg4 29. Ng3 e3 30. fxe3 dxe3 31. Be5 Nd4 32. Rb2 Qe7 33. Bd6 Rxd6 34. cxd6
Qxd6 35. Nf1 Qf4 36. Nc3 Nh5 37. Qc1 Qf2+ 38. Kh1 Nb3 39. Rxb3 axb3 40. Ne4
Qh4+ 41. Kg1 b2 42. Qb1 f5 43. Nd6 Rd8 44. Qa2+ Kh7 45. Nf7 Nf4 0-1

[Event "Cracovia 2008 op A"]
[Site "Krakow"]
[Date "2008.12.29"]
[Round "4.28"]
[White "Mrva, Vladimir"]
[Black "Soozankar, A.M."]
[Result "1/2-1/2"]
[WhiteElo "2149"]
[BlackElo "2264"]
[PlyCount "36"]
[EventDate "2008.??.??"]

1. e4 e6 2. d4 d5 3. exd5 exd5 4. Bd3 Bd6 5. Ne2 Nf6 6. O-O Nc6 7. c3 O-O 8.
Ng3 Ne4 9. Bxe4 dxe4 10. Nxe4 Bxh2+ 11. Kxh2 Qh4+ 12. Kg1 Qxe4 13. Re1 Qf5 14.
Na3 Be6 15. Qc2 Qf6 16. Qe4 Rad8 17. Qf4 Qe7 18. Qg3 Rd5 1/2-1/2

[Event "Cracovia 2008 op A"]
[Site "Krakow"]
[Date "2008.12.29"]
[Round "4.29"]
[White "Kuciel, Wladyslaw"]
[Black "Tokarski, Bartosz"]
[Result "1-0"]
[WhiteElo "2142"]
[BlackElo "2249"]
[PlyCount "65"]
[EventDate "2008.??.??"]

1. Nf3 Nf6 2. c4 g6 3. Nc3 Bg7 4. e4 d6 5. d4 O-O 6. Be2 e5 7. Be3 Nc6 8. d5
Ne7 9. Nd2 Nd7 10. O-O f5 11. f3 f4 12. Bf2 g5 13. b4 Nf6 14. c5 Ng6 15. Nc4
Rf7 16. cxd6 cxd6 17. Nb5 Bf8 18. Bxa7 Ne8 19. Bf2 Bd7 20. Nb6 Rb8 21. Rc1 h5
22. a4 Rg7 23. Rc3 g4 24. Nxd7 Qxd7 25. fxg4 f3 26. Bxf3 Nf4 27. gxh5 Rc8 28.
Rxc8 Qxc8 29. Bg3 Nf6 30. Bxf4 exf4 31. Qc1 Qh3 32. Qxf4 Nxh5 33. Qxf8+ 1-0